000 01233nam a22002657a 4500
001 BRCA_9307
003 FranzMayer
005 20230811120156.0
008 230809b |||||||| |||| 00| 0 eng d
040 _aMFM
_besp
_cMFM
050 0 _aF1230
_b.S65 1732
100 1 _4Autor
_aSolís y Rivadeneyra, Antonio de
_929006
240 _aHistoria de la conquista de México
_hpoblacion, y progressos de la America Septentrional conocida por el nombre de Nueva España
_lespañol
245 0 _aHistoria de la conquista de México
_bpoblacion, y progressos de la America Septentrional conocida por el nombre de Nueva España
260 _aMadrid
_bImprenta de Bernardo Peralta
_c1732
300 _a349 p
_c30 cm
500 _aFondo antiguo
500 _aEjemplar se encuentra en caja fuerte
500 _aEncuadernado en pergamino y con algo de daño en las hojas.
501 _aFondo reservado: para su consulta es necesario credencial de usuario y carta de motivos.
505 _aTexto en: españolIncluye: índice temáticoDirigido a: historiadores, sociólogos, antropólogos.
650 1 _2México
_aHistoria de México
_vNueva España
_929007
651 2 _2España
_aConquista española
_v1519-1540
_929008
942 _2lcc
_cB
999 _c10928
_d10928